حماية التوقعات المشروعة في القانون الإداري: دراسة تأصيلية تحليلية مقارنة / (Record no. 74708)
[ view plain ]
| 000 -LEADER | |
|---|---|
| fixed length control field | 01211nab a2200301 i 4500 |
| 003 - CONTROL NUMBER IDENTIFIER | |
| control field | EG-GICUC |
| 005 - DATE AND TIME OF LATEST TRANSACTION | |
| control field | 20260502080110.0 |
| 008 - FIXED-LENGTH DATA ELEMENTS--GENERAL INFORMATION | |
| fixed length control field | 201020s2018 ua frb 000 0 ara c |
| 040 ## - CATALOGING SOURCE | |
| Original cataloging agency | EG-GICUC |
| Transcribing agency | EG-GICUC |
| Modifying agency | EG-GICUC |
| Description conventions | rda |
| Language of cataloging | ara |
| 041 ## - LANGUAGE CODE | |
| Language code of text/sound track or separate title | ara |
| 082 04 - DEWEY DECIMAL CLASSIFICATION NUMBER | |
| Classification number | 345 |
| Edition number | 21 |
| Item number | و ل . ح |
| 092 04 - LOCALLY ASSIGNED DEWEY CALL NUMBER (OCLC) | |
| Edition number | 21 |
| 099 ## - LOCAL FREE-TEXT CALL NUMBER (OCLC) | |
| Classification number | Law1 07 345 و ل . ح 2018 |
| 100 0# - MAIN ENTRY--PERSONAL NAME | |
| Personal name | وليد محمد الشناوى |
| Relator term | Author. |
| 245 10 - TITLE STATEMENT | |
| Title | حماية التوقعات المشروعة في القانون الإداري: دراسة تأصيلية تحليلية مقارنة / |
| Statement of responsibility, etc. | وليد محمد الشناوى. |
| 264 01 - PRODUCTION, PUBLICATION, DISTRIBUTION, MANUFACTURE, AND COPYRIGHT NOTICE | |
| Place of production, publication, distribution, manufacture | القاهرة : |
| Name of producer, publisher, distributor, manufacturer | كلية الحقوق-جامعة المنصورة، |
| Date of production, publication, distribution, manufacture, or copyright notice | 2018. |
| 300 ## - PHYSICAL DESCRIPTION | |
| Extent | 573 صفحة ؛ |
| Dimensions | 26 سم. |
| 336 ## - CONTENT TYPE | |
| Source | rda content |
| Content type term | Text |
| 337 ## - MEDIA TYPE | |
| Source | rda media |
| Media type term | unmediated |
| 338 ## - CARRIER TYPE | |
| Source | rda carrier |
| Carrier type term | volume |
| 362 0# - DATES OF PUBLICATION AND/OR SEQUENTIAL DESIGNATION | |
| Dates of publication and/or sequential designation | . |
| 546 ## - LANGUAGE NOTE | |
| Language note | النص باللغة العربية |
| 650 14 - SUBJECT ADDED ENTRY--TOPICAL TERM | |
| Topical term or geographic name entry element | القانون الإداري |
| 773 ## - HOST ITEM ENTRY | |
| Title | مجلة البحوث القانونية والإقتصادية. |
| Related parts | العدد السادس والستون: الجزء الأول. |
| Record control number | 46444 |
| 856 ## - ELECTRONIC LOCATION AND ACCESS | |
| Uniform Resource Identifier | <a href="https://fll.law.cu.edu.eg/fulltext/bks/B07-03293.pdf">https://fll.law.cu.edu.eg/fulltext/bks/B07-03293.pdf</a> |
| 905 ## - Cataloger and Reviser Names | |
| Cataloger Name: | Abdulrhman Sobhy |
| 942 ## - ADDED ENTRY ELEMENTS (KOHA) | |
| Source of classification or shelving scheme | Dewey Decimal Classification |
| Koha item type | Articles |
| Suppress in OPAC | No |
| Edition | 21 |
| Withdrawn status | Lost status | Source of classification or shelving scheme | Damaged status | Not for loan | Collection | Home library | Current library | Date acquired | Total checkouts | Full call number | Barcode | Date last seen | Copy number | Price effective from | Koha item type |
|---|---|---|---|---|---|---|---|---|---|---|---|---|---|---|---|
| Dewey Decimal Classification | Not for loan | القانون الإداري | جــــامعة القــاهرة | مكتبة كلية الحقوق - المبنى الرئيسي | 02.05.2026 | Law1 07 345 و ل . ح 2018 0703293 C1 | B07-03293 | 02.05.2026 | 1 | 02.05.2026 | Books |